Osvetľujme pravdu

Bibliographic Details
Main Author: Gallo, Viliam (Author)
Format: Article
Language:Slovak
Subjects:

MARC

LEADER 00000nab a2200000 a 4500
001 vtls000926663
003 SK-MaSNL
005 20260303033307.0
008 140402e20000000xo 0 slo
035 |a KE35540 
040 |a KEVKJB  |b slo  |c KEVKJB  |e AACR2 
041 0 |a slo 
044 |a xo  |c SK 
080 |a 329.75  |2 1981 
080 |a 061.25  |2 1981 
100 1 |a Gallo, Viliam  |4 aut  |9 847214 
245 1 0 |a Osvetľujme pravdu 
518 |a 30.11.1999 
610 2 7 |a Slovenský zväz protifašistických bojovníkov  |b Mestský výbor (Košice, Slovensko)  |2 KEVKJB  |9 84581 
648 7 |a 30.11.1999  |2 snkbucl  |9 1016833 
650 0 7 |a učitelia dejepisu  |2 KEVKJB  |9 690445 
650 0 7 |a semináre  |2 KEVKJB  |9 18562 
651 7 |a Košice (Slovensko)  |2 KEVKJB  |9 18694 
773 0 8 |t Bojovník  |g Roč. 45, č.1 (2000), s. 3 
852 |a ZVYKNI  |b KIS3GCP 
999 |c 1669452  |d 1671382